Veins of devotion : (Record no. 95173)

MARC details
000 -LEADER
fixed length control field 01158nam a22002657a 4500
005 - DATE AND TIME OF LATEST TRANSACTION
control field 20150811124629.0
010 ## - LCCN (DPL NO)
LC control number ENG-113635
020 ## - INTERNATIONAL STANDARD BOOK NUMBER
International Standard Book Number 9788189643225
Terms of availability 695.00
035 ## - SYSTEM CONTROL NUMBER
System control number EN-97167
037 ## - SOURCE OF ACQUISITION
Source of stock number/acquisition DBAD/PUB
082 ## - DEWEY DECIMAL CLASSIFICATION NUMBER
Classification number 615.39095456
100 ## - MAIN ENTRY--PERSONAL NAME
Personal name Copeman, Jacob
245 ## - TITLE STATEMENT
Title Veins of devotion :
Statement of responsibility, etc by Jacob Copeman
Remainder of title blood donation and religious experience in North India /
260 ## - PUBLICATION, DISTRIBUTION, ETC. (IMPRINT)
Place of publication, distribution, etc New Delhi
Name of publisher, distributor, etc Routledge
Date of publication, distribution, etc 2012
270 ## - ADDRESS
Address 912 Tolstoy House, 15-17 Tolstoy Marg, Connaught Place
City New Delhi
Postal code 110001
300 ## - PHYSICAL DESCRIPTION
Extent xiii,270p.
Dimensions 23cm(Hb)
500 ## - GENERAL NOTE
General note Includes bibliographical references and index
505 ## - FORMATTED CONTENTS NOTE
Formatted contents note Introduction -- Generative generosity -- The reform of the gift -- Devotion and donation -- Blood donation in the zone of religious spectacles -- Utility saints and donor-soldiers -- The nehruvian gift -- Conclusion.
650 ## - SUBJECT ADDED ENTRY--TOPICAL TERM
Topical term or geographic name as entry element Blood
General subdivision Collection and preservation
Geographic subdivision India
-- Delhi.
650 ## - SUBJECT ADDED ENTRY--TOPICAL TERM
Topical term or geographic name as entry element Blood donors
Geographic subdivision India
-- Delhi.
650 ## - SUBJECT ADDED ENTRY--TOPICAL TERM
Topical term or geographic name as entry element Blood
General subdivision Social aspects
Geographic subdivision India
-- Delhi.
650 ## - SUBJECT ADDED ENTRY--TOPICAL TERM
Topical term or geographic name as entry element Blood
General subdivision Religious aspects.
650 ## - SUBJECT ADDED ENTRY--TOPICAL TERM
Topical term or geographic name as entry element Kinship
Geographic subdivision India
-- Delhi.
942 ## - ADDED ENTRY ELEMENTS (KOHA)
Source of classification or shelving scheme Dewey Decimal Classification
Item type English Books
Call number suffix COP
Classification part 615.39095456
Holdings
Withdrawn status Lost status Not for loan Collection code Home library Current library Date acquired Source of acquisition Cost, normal purchase price Full call number Barcode Copy number Cost, replacement price Koha item type
    Not For Loan Non-fiction D.B.Act.Division D.B.Act.Division 22/07/2015 DBAD/PUB 695.00 615.39095456 COP EN-97167 1 695.00 English Books

© Delhi Public Library
Hit Counter
free hit counter